000 02183cam a22002294a 4500
005 20250605163949.0
008 250528s ||||||||||||||||||||||||d
035 _a15302
020 _a002309480X
040 _aGR-AtMCL
_bgre
_dGR-AtMCL
_eAACR2
245 1 _aThe Capital Budgeting Decision / Economic Analysis of Investment Projects: Fifth Edition
250 _a5th
260 _bMacmillan Publishing Company,
_c1980
300 _a544
505 0 _aCapital Budgeting, Illustrating the Measures of Investment Worth, Net Present Value Versus Internal Rate of Return, The Mening of Present Value, Annual Equivalent Costs, The Use of Cash Flows in Evaluating Investments, Corporate Income Taxes and Investment Decisions, Capital Budgeting Under Capital Rationing, An Overview of Capital Budgeting Under Uncertainty, Attitudes Towards Risk, The Rate of Discount, A Manual, Introduction to Portfolio Analysis, The Capital Asset Pricing Model, Using Investment Portfolios to Change Risk, Models for Portfolio Analysis, Capital Budgeting and Option Pricing, Buy or Lease, Capital Budgeting and Inflation, Investment Timing, Fluctuating Rates of Output, Foreign Investments, Investments Decisions with Additional Information, Appendix: Tables, Index.
520 _aCapital Budgeting, Illustrating the Measures of Investment Worth, Net Present Value Versus Internal Rate of Return, The Mening of Present Value, Annual Equivalent Costs, The Use of Cash Flows in Evaluating Investments, Corporate Income Taxes and Investment Decisions, Capital Budgeting Under Capital Rationing, An Overview of Capital Budgeting Under Uncertainty, Attitudes Towards Risk, The Rate of Discount, A Manual, Introduction to Portfolio Analysis, The Capital Asset Pricing Model, Using Investment Portfolios to Change Risk, Models for Portfolio Analysis, Capital Budgeting and Option Pricing, Buy or Lease, Capital Budgeting and Inflation, Investment Timing, Fluctuating Rates of Output, Foreign Investments, Investments Decisions with Additional Information, Appendix: Tables, Index.
700 1 _aBierman Harold Jr
700 1 _aSmodt Seymour
_91196
942 _cBK
999 _c892
_d892